African Mythology. (Record no. 154)

MARC details
000 -LEADER
fixed length control field 00360nam a22001217a 4500
005 - DATE AND TIME OF LATEST TRANSACTION
control field 20200810113410.0
008 - FIXED-LENGTH DATA ELEMENTS--GENERAL INFORMATION
fixed length control field 200810b ||||| |||| 00| 0 eng d
020 ## - INTERNATIONAL STANDARD BOOK NUMBER
International Standard Book Number 0600000427
040 ## - CATALOGING SOURCE
Transcribing agency CML
245 ## - TITLE STATEMENT
Title African Mythology.
Statement of responsibility, etc. Parrinder G.
260 ## - PUBLICATION, DISTRIBUTION, ETC.
Place of publication, distribution, etc. London
Name of publisher, distributor, etc. The Hamlyn Publishing Group Ltd
Date of publication, distribution, etc. 1967
942 ## - ADDED ENTRY ELEMENTS (KOHA)
Source of classification or shelving scheme Dewey Decimal Classification
Koha item type Books
Edition 1st Edition
Classification part 299
Call number suffix PAR

No items available.

Powered by Koha